| 000 | 00476nam a2200181Ia 4500 | ||
|---|---|---|---|
| 001 | 15013 | ||
| 005 | 20260306164956.0 | ||
| 008 | 260306t2009||||xx |||||||||||||| ||spa|| | ||
| 041 | _aESP | ||
| 082 |
_a519.7 _bB82 |
||
| 100 |
_aBreshears, Clay _eAUT |
||
| 245 | 4 |
_aThe art of concurrency: _ba thread monkey´s guide to wrinting parallel applications |
|
| 260 | _c2009 | ||
| 300 |
_a285 páginas : _c23 cm. |
||
| 650 | _aGEN | ||
| 654 | _aCMA | ||
| 942 |
_cLIB _dJUS _fJUS _2ddc _n |
||
| 999 |
_c15013 _d15013 |
||